Community Medicine Prep Manual for Undergraduates (Record no. 61114)

MARC details
000 -LEADER
fixed length control field 00483nam a22001937a 4500
003 - CONTROL NUMBER IDENTIFIER
control field OSt
005 - DATE AND TIME OF LATEST TRANSACTION
control field 20240629122502.0
008 - FIXED-LENGTH DATA ELEMENTS--GENERAL INFORMATION
fixed length control field 240629b |||||||| |||| 00| 0 eng d
040 ## - CATALOGING SOURCE
Transcribing agency Trident
100 ## - MAIN ENTRY--PERSONAL NAME
Personal name RAJVIR bHALWAR
9 (RLIN) 45384
245 ## - TITLE STATEMENT
Title Community Medicine Prep Manual for Undergraduates
250 ## - EDITION STATEMENT
Edition statement 1st
260 ## - PUBLICATION, DISTRIBUTION, ETC.
Place of publication, distribution, etc. Haryana
Name of publisher, distributor, etc. Elsevir
Date of publication, distribution, etc. 2018
300 ## - PHYSICAL DESCRIPTION
Extent XXIII,630;
500 ## - GENERAL NOTE
General note Book 01
650 ## - SUBJECT ADDED ENTRY--TOPICAL TERM
Source of heading or term Boi Medical
700 ## - ADDED ENTRY--PERSONAL NAME
Personal name Indranil Saha
9 (RLIN) 45385
942 ## - ADDED ENTRY ELEMENTS (KOHA)
Source of classification or shelving scheme Dewey Decimal Classification
Koha item type Books
Suppress in OPAC No
Holdings
Withdrawn status Lost status Source of classification or shelving scheme Damaged status Not for loan Home library Current library Shelving location Date acquired Total Checkouts Barcode Date last seen Price effective from Koha item type
    Dewey Decimal Classification     Central Library, Trident Academy of Technology Central Library, Trident Academy of Technology General Stacks 06/29/2024   61189 06/29/2024 06/29/2024 Books
Trident Academy of Technology © 2023.
All rights reserved.                                                                                                                                                                                                        Designed by Team of Central Library .

Powered by Koha